Study on situation carried out of agroforestry in choub commune, tbaung khmum district, kampong cham province; សិក្សាពីស្ដានភាពនៃការអនុវត្តន៍កសិរុក្ខកម្ម នៅឃុំជប់ ស្រុកត្បូងឃ្មុំ ខេត្តកំពង់ចាម. (Record no. 3440)
[ view plain ]
| 000 -LEADER | |
|---|---|
| fixed length control field | 00712nam a22001577a 4500 |
| 003 - CONTROL NUMBER IDENTIFIER | |
| control field | OSt |
| 005 - DATE AND TIME OF LATEST TRANSACTION | |
| control field | 20151116085255.0 |
| 008 - FIXED-LENGTH DATA ELEMENTS--GENERAL INFORMATION | |
| fixed length control field | 151116b xxu||||| |||| 00| 0 eng d |
| 040 ## - CATALOGING SOURCE | |
| Transcribing agency | RUA |
| 082 ## - DEWEY DECIMAL CLASSIFICATION NUMBER | |
| Classification number | FOR ENG 2012 B141 Or1 |
| 100 ## - MAIN ENTRY--PERSONAL NAME | |
| 9 (RLIN) | 3692 |
| Personal name | ENG PENGTHAN |
| 245 ## - TITLE STATEMENT | |
| Title | Study on situation carried out of agroforestry in choub commune, tbaung khmum district, kampong cham province; សិក្សាពីស្ដានភាពនៃការអនុវត្តន៍កសិរុក្ខកម្ម នៅឃុំជប់ ស្រុកត្បូងឃ្មុំ ខេត្តកំពង់ចាម. |
| 260 ## - PUBLICATION, DISTRIBUTION, ETC. (IMPRINT) | |
| Place of publication, distribution, etc. | Phnom Penh |
| Name of publisher, distributor, etc. | Rua |
| Date of publication, distribution, etc. | 2012 |
| 300 ## - PHYSICAL DESCRIPTION | |
| Extent | x;45p. |
| Other physical details | ill. |
| Dimensions | 29cm. |
| 942 ## - ADDED ENTRY ELEMENTS (KOHA) | |
| Source of classification or shelving scheme | |
| Koha item type | FOR |
| Price effective from | Date last seen | Permanent Location | Not for loan | Date acquired | Source of classification or shelving scheme | Koha item type | Lost status | Withdrawn status | Date last checked out | Total Checkouts | Shelving location | Damaged status | Barcode | Current Location | Full call number |
|---|---|---|---|---|---|---|---|---|---|---|---|---|---|---|---|
| 2015-11-16 | 2026-03-26 | Library Block B | 2015-11-16 | FOR | 2026-02-25 | 1 | B141 | RUA026696 | Library Block B | FOR ENG 2012 B141 Or1 | |||||
| 2015-11-16 | 2026-06-11 | Library Block B | 2015-11-16 | FOR | 2026-05-08 | 2 | B141 | RUA027611 | Library Block B | FOR ENG 2012 B141 Or2 | |||||
| 2015-11-16 | 2019-04-02 | Library Block B | 2015-11-16 | FOR | 2019-03-18 | 3 | B141 | RUA027539 | Library Block B | FOR ENG 2012 B141 Or3 | |||||
| 2015-11-16 | 2023-08-28 | Library Block B | 2015-11-16 | FOR | 2023-07-19 | 2 | B141 | RUA027952 | Library Block B | FOR ENG 2012 B141 Or4 | |||||
| 2015-11-16 | 2015-11-16 | Library Block B | 2015-11-16 | FOR | B141 | RUA027666 | Library Block B | FOR ENG 2012 B141 Or5 | |||||||
| 2015-11-16 | 2015-11-16 | Library Block B | 2015-11-16 | FOR | B141 | RUA028781 | Library Block B | FOR ENG 2012 B141 Or6 | |||||||
| 2015-11-16 | 2015-11-16 | Library Block B | 2015-11-16 | FOR | B141 | RUA028709 | Library Block B | FOR ENG 2012 B141 Or7 | |||||||
| 2015-11-16 | 2025-10-07 | Library Block B | 2015-11-16 | FOR | 2025-09-03 | 1 | B141 | RUA028723 | Library Block B | FOR ENG 2012 B141 Or8 |